00673 a2200157 4500003000500000005001700005040000900022082001400031100001700045245005300062260003500115300001100150505032300161600001100484650002000495Nust20221024094929.0 cNust a621.3,DEN aDe, Nisit K. aElectric drives /cNisit K. De & Prasanta K. Sen aPrentice HallbNew Delhic1999 a314 p. aIntroduction (Page-1), Speed-torque Characteristics of Motors (Page-8), Speed control of Dc Motors (Page-60), Speed Control of Ac Motors (Page-119), Heating and Power Rating of Drive Motors (Page-166), Transients and Dynamics (Page-198), Motor Starters and Controllers (Page-250), Industrial Applications (Page-267).  aN K De aElectric drives